[Event "Quebec-ch 1/8 final"]
[Site "Montreal CAN"]
[Date "2000.06.03"]
[Round "3"]
[White "Moskvitch, Andrei"]
[Black "Gagnon, Fabien"]
[Result "1-0"]
[WhiteElo "2161"]
[BlackElo "2135"]
[PlyCount "73"]
[GameId "2160767911711746"]
[EventDate "2000.06.02"]
[EventType "swiss"]
[EventRounds "5"]
[EventCountry "CAN"]

1. e4 c5 2. Ne2 Nc6 3. d4 cxd4 4. Nxd4 g6 5. c4 Bg7 6. Be3 Nf6 7. Nc3 Ng4 8. Qxg4 Nxd4 9. Qd1 e5 10. Bd3 O-O 11. O-O d6 12. Bxd4 exd4 13. Nd5 f5 14. exf5 Bxf5 15. Re1 Bxd3 16. Qxd3 Rf7 17. Re4 Qf8 18. Rae1 Rxf2 19. Ne7+ Kh8 20. Rh4 Rf6 21. Nxg6+ Rxg6 22. Qxg6 Qg8 23. Qxd6 Rd8 24. Qe6 Qxe6 25. Rxe6 d3 26. Rhe4 Bd4+ 27. Kf1 d2 28. Ke2 Be5 29. Kd1 Bxb2 30. Re8+ Rxe8 31. Rxe8+ Kg7 32. Re7+ Kg6 33. Rxb7 Bd4 34. Kxd2 h5 35. Kd3 Bf2 36. Rc7 Bb6 37. Rc6+ 1-0

[Event "Quebec-ch 1/8 final"]
[Site "Montreal CAN"]
[Date "2000.06.03"]
[Round "3"]
[White "Soudre, Nicolas"]
[Black "Pnevmonidis, Pantelis"]
[Result "0-1"]
[WhiteElo "2106"]
[BlackElo "2166"]
[PlyCount "50"]
[GameId "2160767911711747"]
[EventDate "2000.06.02"]
[EventType "swiss"]
[EventRounds "5"]
[EventCountry "CAN"]

1. e4 c5 2. Nc3 g6 3. f4 Bg7 4. Nf3 Nc6 5. Bb5 Nd4 6. Bd3 d6 7. Nxd4 cxd4 8. Ne2 Qb6 9. O-O Nf6 10. Kh1 O-O 11. c3 dxc3 12. bxc3 Bd7 13. Rb1 Qa5 14. Nd4 e5 15. Nb5 Nxe4 16. Qe2 a6 17. Qxe4 Bxb5 18. Bxb5 axb5 19. Qxb7 Rfb8 20. Qd7 Qxa2 21. Rxb5 Rd8 22. Qc6 exf4 23. Rxf4 Qxd2 24. Rf1 Ra1 25. Qc7 Rf8 0-1

[Event "Quebec-ch 1/8 final"]
[Site "Montreal CAN"]
[Date "2000.06.04"]
[Round "4"]
[White "Desjardins, Andre"]
[Black "Moskvitch, Andrei"]
[Result "1-0"]
[WhiteElo "2144"]
[BlackElo "2161"]
[PlyCount "65"]
[GameId "2160767911711748"]
[EventDate "2000.06.02"]
[EventType "swiss"]
[EventRounds "5"]
[EventCountry "CAN"]

1. e4 c5 2. Nf3 e6 3. d3 d5 4. Nbd2 Nc6 5. g3 g6 6. Bg2 Bg7 7. O-O Nge7 8. Re1 O-O 9. c3 b5 10. e5 Rb8 11. Nf1 d4 12. h4 dxc3 13. bxc3 b4 14. c4 Nf5 15. Bf4 Bb7 16. N1h2 Ncd4 17. Nd2 Bxg2 18. Kxg2 Nc6 19. Nb3 Qe7 20. Ng4 Rbc8 21. Bg5 Qc7 22. Nf6+ Kh8 23. g4 Nfe7 24. h5 Ng8 25. hxg6 Bxf6 26. exf6 fxg6 27. Rxe6 Nd8 28. Re3 Nxf6 29. d4 cxd4 30. Qxd4 Qg7 31. Rf3 Nd7 32. Rxf8+ Nxf8 33. Bf6 1-0

[Event "Quebec-ch 1/8 final"]
[Site "Montreal CAN"]
[Date "2000.06.04"]
[Round "4"]
[White "Fillion, Steve"]
[Black "Lecomte, Andre"]
[Result "1/2-1/2"]
[WhiteElo "2144"]
[BlackElo "1918"]
[PlyCount "62"]
[GameId "2160767911711749"]
[EventDate "2000.06.02"]
[EventType "swiss"]
[EventRounds "5"]
[EventCountry "CAN"]

1. d4 f5 2. g3 Nf6 3. Bg2 e6 4. Nf3 d5 5. O-O c6 6. c4 Be7 7. Nc3 O-O 8. Qd3 Ne4 9. Ne5 Nd7 10. Nxd7 Bxd7 11. f3 Nd6 12. c5 Nf7 13. e4 Kh8 14. Be3 g5 15. b4 Qc7 16. e5 Rg8 17. a4 Rg6 18. b5 Rag8 19. Rfb1 f4 20. Bf2 g4 21. Ne2 gxf3 22. Bxf3 fxg3 23. Bxg3 Nh6 24. bxc6 bxc6 25. Kh1 Nf5 26. Rg1 Bc8 27. a5 Bd8 28. a6 Qe7 29. Bf2 Rxg1+ 30. Rxg1 Rxg1+ 31. Kxg1 Qg5+ 1/2-1/2

[Event "Quebec-ch 1/8 final"]
[Site "Montreal CAN"]
[Date "2000.06.04"]
[Round "4"]
[White "Marcone, Malcom"]
[Black "Gagnon, Boris"]
[Result "1/2-1/2"]
[WhiteElo "2008"]
[BlackElo "2013"]
[PlyCount "45"]
[GameId "2160767911711751"]
[EventDate "2000.06.02"]
[EventType "swiss"]
[EventRounds "5"]
[EventCountry "CAN"]

1. e4 Nf6 2. e5 Nd5 3. c4 Nb6 4. d4 d6 5. Nf3 Bg4 6. Be2 dxe5 7. dxe5 Qxd1+ 8. Kxd1 Nc6 9. Bf4 e6 10. Nbd2 Bc5 11. Ke1 Nb4 12. Ne4 Be7 13. Kf1 Rd8 14. b3 O-O 15. Nfd2 Bxe2+ 16. Kxe2 Rd7 17. Rhd1 Rfd8 18. Bg5 Bxg5 19. Nxg5 Nd3 20. Ngf3 g5 21. g4 Kg7 22. Ne4 Nf4+ 23. Ke1 1/2-1/2

[Event "Quebec-ch 1/8 final"]
[Site "Montreal CAN"]
[Date "2000.06.04"]
[Round "4"]
[White "Masse, Hugues"]
[Black "Chabot, Roland"]
[Result "0-1"]
[WhiteElo "1946"]
[BlackElo "2201"]
[PlyCount "114"]
[GameId "2160767911711752"]
[EventDate "2000.06.02"]
[EventType "swiss"]
[EventRounds "5"]
[EventCountry "CAN"]

1. e4 c5 2. f4 e6 3. Nf3 a6 4. c3 Nc6 5. d4 d5 6. e5 Nh6 7. Be3 Nf5 8. Bf2 cxd4 9. Nxd4 Ncxd4 10. Bxd4 Bd7 11. Bf2 Bc6 12. Be2 Nh4 13. O-O h5 14. Nd2 g5 15. fxg5 Qxg5 16. Bxh4 Qxh4 17. Nf3 Bc5+ 18. Kh1 Qe7 19. Nd4 Bxd4 20. cxd4 Qg5 21. Rf3 h4 22. Qc2 Rg8 23. Bd3 Qg4 24. Qf2 Rh8 25. Rxf7 O-O-O 26. b4 Kb8 27. Rf4 Qh5 28. Rf6 h3 29. g3 Bd7 30. Rf1 Qe8 31. Rf7 Bb5 32. Qd2 Bxd3 33. Qxd3 Rc8 34. a3 Rc4 35. Qg6 Qb5 36. Qxe6 Rxd4 37. Qd6+ Ka7 38. e6 Rc8 39. Qe5 Re4 40. Qh5 Rc2 41. Qxh3 Ree2 42. Qh8 Rcd2 43. Rf8 Qc6 44. Ra8+ Kb6 45. Qd8+ Qc7 46. Qxc7+ Kxc7 47. Rc1+ Kd6 48. Rd8+ Ke7 49. Rd7+ Kxe6 50. Rxb7 Rxh2+ 51. Kg1 Rhg2+ 52. Kf1 Rdf2+ 53. Ke1 Rh2 54. Rg7 Ra2 55. Rc6+ Ke5 56. Rg5+ Kd4 57. Rg4+ Kd3 0-1

[Event "Quebec-ch 1/8 final"]
[Site "Montreal CAN"]
[Date "2000.06.04"]
[Round "4"]
[White "Trottier, Julie"]
[Black "Bolduc, Steve"]
[Result "1/2-1/2"]
[WhiteElo "1835"]
[BlackElo "2229"]
[PlyCount "95"]
[GameId "2160767911711754"]
[EventDate "2000.06.02"]
[EventType "swiss"]
[EventRounds "5"]
[EventCountry "CAN"]

1. d4 Nf6 2. c4 g6 3. Nc3 Bg7 4. Nf3 O-O 5. g3 d6 6. Bg2 Nc6 7. O-O Rb8 8. b3 a6 9. Bb2 b5 10. Ng5 Bd7 11. cxb5 axb5 12. Rc1 b4 13. Nce4 Na7 14. Qc2 c6 15. Nxf6+ Bxf6 16. Ne4 Bg7 17. Nd2 Qa5 18. Nc4 Qa6 19. Rfd1 Nb5 20. Qd3 Qa7 21. Qe3 Rfe8 22. Qd3 Bf5 23. e4 Bg4 24. f3 Bd7 25. Kh1 c5 26. dxc5 Bxb2 27. Nxb2 Qxa2 28. Rc2 Nc3 29. Na4 Qxa4 30. bxa4 Nxd1 31. Qxd1 Bxa4 32. cxd6 Bxc2 33. Qxc2 b3 34. Qb2 e5 35. Bf1 Red8 36. Bc4 Rxd6 37. Kg2 Rdb6 38. Bd5 Kf8 39. Kf2 f6 40. Ke3 Kg7 41. f4 Rc8 42. fxe5 fxe5 43. Qxe5+ Kh6 44. Qd4 Rb5 45. e5 b2 46. Qf4+ Kg7 47. Qf6+ Kh6 48. Qf4+ 1/2-1/2

[Event "Quebec-ch 1/8 final"]
[Site "Montreal CAN"]
[Date "2000.06.04"]
[Round "5"]
[White "Bolduc, Steve"]
[Black "Moskvitch, Andrei"]
[Result "1/2-1/2"]
[WhiteElo "2229"]
[BlackElo "2161"]
[PlyCount "105"]
[GameId "2160767911711755"]
[EventDate "2000.06.02"]
[EventType "swiss"]
[EventRounds "5"]
[EventCountry "CAN"]

1. g3 d5 2. Bg2 e5 3. d3 Nc6 4. Nf3 Nf6 5. O-O Be7 6. a3 a5 7. c4 d4 8. Bg5 O-O 9. Nbd2 Nd7 10. Bxe7 Qxe7 11. b3 f5 12. Qc2 Nf6 13. Qb2 Bd7 14. Rab1 Rab8 15. b4 axb4 16. axb4 b5 17. Qa2 Kh8 18. cxb5 Rxb5 19. Qc4 Rfb8 20. Ng5 Rxb4 21. Rxb4 Rxb4 22. Qa6 Rb6 23. Qa8+ Rb8 24. Qa6 Rb6 25. Qa8+ Ne8 26. Nc4 Rb8 27. Qa6 Qxg5 28. Bxc6 Qf6 29. Qa7 Rd8 30. Bxd7 Rxd7 31. Rb1 Re7 32. Rb8 Kg8 33. Qa8 Kf8 34. Na5 h5 35. Nc6 Re6 36. Qa3+ Kg8 37. Qa8 Kf8 38. Rc8 h4 39. Kg2 Qh6 40. Qa3+ Kg8 41. h3 Kh7 42. Ne7 Qh5 43. gxh4 Qf7 44. Rxe8 Qxe8 45. Nxf5 e4 46. Nxd4 Rg6+ 47. Kf1 exd3 48. Qxd3 Qe5 49. Nf3 Qa1+ 50. Ne1 Qa6 51. Qb1 Qb6 52. Qd3 Qd6 53. Qf3 1/2-1/2

[Event "Quebec-ch 1/8 final"]
[Site "Montreal CAN"]
[Date "2000.06.04"]
[Round "5"]
[White "Chabot, Roland"]
[Black "Trottier, Julie"]
[Result "1-0"]
[WhiteElo "2201"]
[BlackElo "1835"]
[PlyCount "85"]
[GameId "2160767911711756"]
[EventDate "2000.06.02"]
[EventType "swiss"]
[EventRounds "5"]
[EventCountry "CAN"]

1. d4 d5 2. e3 c5 3. c3 e6 4. Nd2 Nf6 5. Bd3 Bd6 6. f4 b6 7. Nh3 Bb7 8. Qf3 Nc6 9. O-O Qc7 10. Qe2 c4 11. Bc2 b5 12. e4 dxe4 13. Nxe4 Nxe4 14. Bxe4 O-O-O 15. a4 Na5 16. axb5 Bxe4 17. Qxe4 Qb6 18. Be3 Kb8 19. Ng5 Rd7 20. f5 exf5 21. Qxf5 Re7 22. Ne4 g6 23. Qd5 Rd8 24. Nxd6 Rxe3 25. Rxa5 Rxd6 26. Qg5 Ree6 27. Rfa1 Rd7 28. Ra6 Qb7 29. Rxe6 fxe6 30. Qe5+ Kc8 31. Qxe6 Qxb5 32. Rxa7 Qd5 33. Qxd7+ Qxd7 34. Rxd7 Kxd7 35. Kf2 Kc6 36. Ke3 Kd5 37. Kf4 h6 38. h4 Ke6 39. Ke4 Kd6 40. d5 g5 41. hxg5 hxg5 42. Kd4 g4 43. g3 1-0

[Event "Quebec-ch 1/8 final"]
[Site "Montreal CAN"]
[Date "2000.06.04"]
[Round "5"]
[White "Masse, Hugues"]
[Black "Marcone, Malcom"]
[Result "0-1"]
[WhiteElo "1946"]
[BlackElo "2008"]
[PlyCount "28"]
[GameId "2160767911711758"]
[EventDate "2000.06.02"]
[EventType "swiss"]
[EventRounds "5"]
[EventCountry "CAN"]

1. e4 d5 2. exd5 Nf6 3. d4 Bg4 4. f3 Bf5 5. Bb5+ Nbd7 6. c4 e6 7. dxe6 Bxe6 8. b3 c6 9. Ba4 b5 10. d5 Nxd5 11. Bxb5 Nb4 12. Ba4 Qf6 13. Nc3 Qxc3+ 14. Bd2 Qxa1 0-1

[Event "Quebec-ch Class-A"]
[Site "St Jean sur Richelieu CAN"]
[Date "2000.??.??"]
[Round "5"]
[White "Mikanovic, Goran"]
[Black "St Amand, Paul Jr"]
[Result "1-0"]
[WhiteElo "2308"]
[BlackElo "2214"]
[PlyCount "83"]
[GameId "2160767911644112"]
[EventDate "2000.10.06"]
[EventType "swiss"]
[EventRounds "5"]
[EventCountry "CAN"]
[SourceTitle "EXT 2002"]
[Source "ChessBase"]
[SourceDate "2001.11.25"]
[SourceVersion "1"]
[SourceVersionDate "2001.11.25"]
[SourceQuality "1"]

1. d4 Nf6 2. c4 e5 3. dxe5 Ng4 4. Bf4 Nc6 5. Nf3 Bb4+ 6. Nbd2 Qe7 7. e3 Ngxe5 8. Nxe5 Nxe5 9. Be2 O-O 10. O-O Bxd2 11. Qxd2 d6 12. Rfc1 b6 13. Qc3 Ng6 14. Bg3 Bb7 15. Qd4 Rfe8 16. b4 Rad8 17. a3 Nf8 18. Qc3 Ne6 19. h4 c5 20. Ra2 d5 21. cxd5 Bxd5 22. Rd2 Qb7 23. f3 cxb4 24. axb4 Rc8 25. Qa3 Rxc1+ 26. Qxc1 b5 27. Rc2 Qb6 28. Bf2 Bb3 29. Rc3 Ba4 30. Rc8 Rxc8 31. Qxc8+ Qd8 32. Qc6 Qb8 33. e4 h6 34. Qa6 Qd8 35. Bxb5 Bb3 36. Bf1 Qd2 37. b5 Nf4 38. Qxa7 Ne2+ 39. Bxe2 Qxe2 40. Qc5 Qa2 41. b6 Be6 42. Qc7 1-0

[Event "Quebec-ch KO"]
[Site "Montreal CAN"]
[Date "2000.07.10"]
[Round "1.1"]
[White "Pnevmonidis, Pantelis"]
[Black "Khassanov, Marat"]
[Result "1/2-1/2"]
[WhiteElo "2080"]
[BlackElo "2338"]
[PlyCount "137"]
[GameId "2160767911653290"]
[EventDate "2000.07.10"]
[EventType "k.o."]
[EventRounds "3"]
[EventCountry "CAN"]
[SourceTitle "EXT 2001"]
[Source "ChessBase"]
[SourceDate "2000.11.22"]
[SourceVersion "1"]
[SourceVersionDate "2000.11.22"]
[SourceQuality "1"]

1. e4 c5 2. Nf3 d6 3. Nc3 Nf6 4. d4 cxd4 5. Qxd4 Nc6 6. Bb5 Bd7 7. Bxc6 Bxc6 8. Bg5 Qa5 9. O-O-O h6 10. Bxf6 gxf6 11. Rhe1 Rg8 12. g3 f5 13. Qe3 fxe4 14. Nxe4 O-O-O 15. Kb1 Kb8 16. Nd4 Bg7 17. Rd3 Rge8 18. Red1 Qe5 19. Nxc6+ bxc6 20. Rb3+ Ka8 21. f4 Qa5 22. Ra3 Qc7 23. g4 Rb8 24. Rb3 Rxb3 25. axb3 Qb6 26. Qd3 Qb4 27. Qc4 Qxc4 28. bxc4 Kb8 29. c3 Kc7 30. Kc2 Rf8 31. Ng3 e6 32. Ne4 d5 33. cxd5 cxd5 34. Ng3 Kb6 35. Nh5 Bh8 36. h4 Rc8 37. Kd3 a5 38. g5 hxg5 39. hxg5 a4 40. Rg1 a3 41. Nf6 axb2 42. Rb1 Bxf6 43. gxf6 Rh8 44. Rxb2+ Kc6 45. c4 dxc4+ 46. Kxc4 Rh6 47. Kd4 Rxf6 48. Ke4 Kd6 49. Rb6+ Ke7 50. Rb5 Rh6 51. f5 exf5+ 52. Rxf5 Rh4+ 53. Kf3 Ke6 54. Ra5 f5 55. Rb5 Ra4 56. Rb3 Kf6 57. Rb6+ Kg5 58. Rb3 Rh4 59. Kg3 f4+ 60. Kg2 Rh8 61. Rb5+ Kg4 62. Rb3 Ra8 63. Kf2 Ra2+ 64. Kf1 Rc2 65. Ra3 Rh2 66. Rb3 Rh1+ 67. Kg2 Re1 68. Rg3+ Kf5 69. Ra3 1/2-1/2

[Event "Quebec-ch KO"]
[Site "Montreal CAN"]
[Date "2000.07.16"]
[Round "2.2"]
[White "Desjardins, Andre"]
[Black "Mikanovic, Goran"]
[Result "0-1"]
[WhiteElo "2101"]
[BlackElo "2318"]
[PlyCount "86"]
[GameId "2160767911653300"]
[EventDate "2000.07.10"]
[EventType "k.o."]
[EventRounds "3"]
[EventCountry "CAN"]
[SourceTitle "EXT 2001"]
[Source "ChessBase"]
[SourceDate "2000.11.22"]
[SourceVersion "1"]
[SourceVersionDate "2000.11.22"]
[SourceQuality "1"]

1. e4 c5 2. Nf3 e6 3. d3 Nc6 4. g3 d5 5. Nbd2 Bd6 6. Bg2 Nge7 7. O-O O-O 8. Re1 f6 9. c3 Qc7 10. Qc2 Bd7 11. Nf1 Rac8 12. Bd2 Kh8 13. Rad1 d4 14. Bc1 e5 15. c4 a6 16. h4 b5 17. N1d2 Rb8 18. a3 Na5 19. b3 bxc4 20. bxc4 Rb7 21. Kh2 Rfb8 22. Rh1 Nb3 23. Nxb3 Rxb3 24. Qe2 Qc8 25. Nd2 Rc3 26. Rde1 Bc7 27. Kg1 Ba5 28. h5 h6 29. f4 Rc2 30. Bf3 Rbb2 31. Bxb2 Rxd2 32. Qf1 Rxb2 33. Re2 Rb3 34. Qa1 Qc7 35. Kg2 exf4 36. gxf4 Qxf4 37. Qd1 Rb8 38. Rf2 Bc7 39. Kf1 Nc6 40. Be2 Qg5 41. Rg2 Bg3 42. Rhg1 Qf4+ 43. Bf3 Bh3 0-1

[Event "Quebec-ch KO"]
[Site "Montreal CAN"]
[Date "2000.07.18"]
[Round "2.4"]
[White "Desjardins, Andre"]
[Black "Mikanovic, Goran"]
[Result "0-1"]
[WhiteElo "2101"]
[BlackElo "2318"]
[PlyCount "96"]
[GameId "2160767911681976"]
[EventDate "2000.07.10"]
[EventType "k.o."]
[EventRounds "3"]
[EventCountry "CAN"]
[SourceTitle "EXT 2001"]
[Source "ChessBase"]
[SourceDate "2000.11.22"]
[SourceVersion "1"]
[SourceVersionDate "2000.11.22"]
[SourceQuality "1"]

1. e4 c5 2. Nf3 e6 3. d3 Nc6 4. g3 d5 5. Nbd2 Bd6 6. Bg2 Nge7 7. O-O O-O 8. Nh4 f6 9. f4 d4 10. Re1 Rb8 11. Nhf3 e5 12. f5 b5 13. g4 Ba6 14. h4 c4 15. Nf1 Kf7 16. Ng3 Ke8 17. g5 Ng8 18. Nh2 Ke7 19. Ng4 Kd7 20. Bf1 Rf7 21. g6 Rf8 22. gxh7 Nge7 23. a4 c3 24. axb5 Bxb5 25. bxc3 dxc3 26. Be3 Kc8 27. Kg2 a5 28. Ne2 Bb4 29. d4 exd4 30. Nxd4 Nxd4 31. Qxd4 Qxd4 32. Bxd4 Bxf1+ 33. Rxf1 Nc6 34. Nxf6 Rh8 35. Nd7 Kxd7 36. Bxg7 Rxh7 37. Bf6 Rg8+ 38. Kf2 Be7 39. Rfd1+ Kc7 40. Bxe7 Rxe7 41. Kf3 Ne5+ 42. Kf2 Reg7 43. Rd4 Rg2+ 44. Ke3 R2g3+ 45. Kf2 Rf3+ 46. Ke2 Rg2+ 47. Ke1 Rh3 48. Kf1 Rxc2 0-1

[Event "Quebec-ch U12"]
[Site "Montreal CAN"]
[Date "2000.03.03"]
[Round "1"]
[White "Ouellet-Leveille, Clement"]
[Black "Lawson, Jonathan"]
[Result "1-0"]
[WhiteElo "1567"]
[BlackElo "1105"]
[PlyCount "33"]
[GameId "2160767911732979"]
[EventDate "2000.03.03"]
[EventType "tourn"]
[EventRounds "5"]
[EventCountry "CAN"]

1. e4 e5 2. Nf3 Nc6 3. Bc4 Nd4 4. d3 Nxf3+ 5. Qxf3 Qf6 6. Nc3 Qxf3 7. gxf3 Nf6 8. f4 Bc5 9. Nb5 Kd8 10. fxe5 Ng4 11. d4 Bb6 12. h3 Nh6 13. c3 Re8 14. Rg1 a6 15. Bg5+ f6 16. exf6 axb5 17. f7+ 1-0

[Event "Quebec-ch U12"]
[Site "Montreal CAN"]
[Date "2000.03.03"]
[Round "1"]
[White "Rodriguez, Aaron"]
[Black "Ramaswamy, Kishor"]
[Result "0-1"]
[WhiteElo "1194"]
[BlackElo "1569"]
[PlyCount "116"]
[GameId "2160767911732980"]
[EventDate "2000.03.03"]
[EventType "tourn"]
[EventRounds "5"]
[EventCountry "CAN"]

1. e4 c6 2. d4 d5 3. Nc3 dxe4 4. Nxe4 Bf5 5. Ng3 Bg6 6. h4 h6 7. h5 Bh7 8. Nf3 Nd7 9. Bd3 Bxd3 10. Qxd3 Ngf6 11. Bd2 Qc7 12. O-O-O e6 13. Kb1 O-O-O 14. Ne4 Nxe4 15. Qxe4 Nf6 16. Qe2 Kb8 17. g3 Bd6 18. c4 c5 19. Rh4 Ka8 20. Bc3 Be7 21. Ne5 Rhf8 22. Rf4 Bd6 23. Rh4 cxd4 24. Rhxd4 Bxe5 25. Rxd8+ Rxd8 26. Rxd8+ Qxd8 27. Bxe5 g6 28. hxg6 fxg6 29. Bxf6 Qxf6 30. Qd3 Qf5 31. Qxf5 exf5 32. Kc2 Kb8 33. Kd3 Kc7 34. b4 g5 35. Kd4 Kd6 36. a4 h5 37. c5+ Ke6 38. b5 h4 39. gxh4 gxh4 40. c6 bxc6 41. Ke3 cxb5 42. axb5 Kd5 43. f4 Kc5 44. Kf3 Kxb5 45. Kg2 a5 46. Kh3 a4 47. Kxh4 a3 48. Kg5 a2 49. Kxf5 a1=Q 50. Kg6 Kc6 51. f5 Kd7 52. Kf7 Qe5 53. f6 Qe8+ 54. Kg7 Ke6 55. f7 Qxf7+ 56. Kh8 Qe7 57. Kg8 Kf6 58. Kh8 Qg7# 0-1

[Event "Quebec-ch U12"]
[Site "Montreal CAN"]
[Date "2000.03.03"]
[Round "2"]
[White "Parra, Victor"]
[Black "Ramaswamy, Kishor"]
[Result "1/2-1/2"]
[WhiteElo "1123"]
[BlackElo "1569"]
[PlyCount "76"]
[GameId "2160767911732983"]
[EventDate "2000.03.03"]
[EventType "tourn"]
[EventRounds "5"]
[EventCountry "CAN"]

1. c4 Nf6 2. Nc3 e6 3. g3 d5 4. cxd5 exd5 5. e3 Be7 6. Nge2 O-O 7. Bg2 c6 8. O-O Nbd7 9. d3 Re8 10. Re1 Nf8 11. Nf4 Ne6 12. Nce2 b6 13. a3 a5 14. Qc2 Qc7 15. Bd2 Bd6 16. e4 dxe4 17. dxe4 Bb7 18. Red1 c5 19. f3 Bxf4 20. Nxf4 Nd4 21. Qd3 Ba6 22. Qb1 Rad8 23. Bc3 Nb3 24. Ra2 Bc4 25. Bxf6 gxf6 26. Qc2 b5 27. Nh5 Qb6 28. Rxd8 Rxd8 29. Qc3 Nd4 30. Qe3 f5 31. Qg5+ Kf8 32. Ra1 fxe4 33. Re1 Ne2+ 34. Kf2 Qd6 35. Qg7+ Ke7 36. Qg5+ Kf8 37. Qg7+ Ke7 38. Qg5+ Kf8 1/2-1/2

[Event "Quebec-ch U12"]
[Site "Montreal CAN"]
[Date "2000.03.03"]
[Round "2"]
[White "Rodriguez, Aaron"]
[Black "Ouellet-Leveille, Clement"]
[Result "0-1"]
[WhiteElo "1194"]
[BlackElo "1567"]
[PlyCount "150"]
[GameId "2160767911732984"]
[EventDate "2000.03.03"]
[EventType "tourn"]
[EventRounds "5"]
[EventCountry "CAN"]

1. e4 e5 2. Nf3 Nf6 3. Nc3 Nc6 4. Bc4 Nxe4 5. Nxe4 d5 6. Bxd5 Qxd5 7. d3 Bg4 8. Be3 Be7 9. h3 Bh5 10. Qe2 O-O-O 11. g4 Bg6 12. Nc3 Bb4 13. Bd2 Bxc3 14. Bxc3 Nd4 15. Bxd4 exd4 16. O-O Rde8 17. Qd1 h5 18. Re1 Rxe1+ 19. Nxe1 f5 20. Qf3 Qd7 21. g5 Bf7 22. Qf4 g6 23. Nf3 Rd8 24. a3 Qd6 25. Qxd6 Rxd6 26. Ne5 Bd5 27. f4 Rb6 28. b4 Re6 29. h4 Kd8 30. Re1 a6 31. Kf2 Kc8 32. Nc4 Bxc4 33. dxc4 Kd7 34. Rxe6 Kxe6 35. Ke2 Kd6 36. c5+ Kd5 37. Kd3 a5 38. c4+ dxc3 39. Kxc3 axb4+ 40. axb4 Ke4 41. Kc4 Kxf4 42. Kd5 Kg4 43. Ke6 f4 44. Kf6 f3 45. Kxg6 f2 46. Kh6 f1=Q 47. g6 Qf4+ 48. Kh7 Qxb4 49. g7 Qc4 50. g8=Q+ Qxg8+ 51. Kxg8 b5 52. Kf7 b4 53. Ke7 b3 54. Kd7 b2 55. Kxc7 b1=Q 56. c6 Qc2 57. Kb7 Kxh4 58. c7 Kg4 59. c8=Q+ Qxc8+ 60. Kxc8 h4 61. Kd7 h3 62. Kd6 h2 63. Kc5 h1=Q 64. Kd4 Qc1 65. Kd5 Kf5 66. Kd6 Qe3 67. Kd5 Qe4+ 68. Kc5 Ke5 69. Kb6 Qc4 70. Kb7 Kd5 71. Kb8 Kd6 72. Kb7 Qc7+ 73. Ka8 Qh7 74. Kb8 Kc6 75. Ka8 Qb7# 0-1

[Event "Quebec-ch U12"]
[Site "Montreal CAN"]
[Date "2000.03.04"]
[Round "3"]
[White "Lawson, Jonathan"]
[Black "Parra, Victor"]
[Result "0-1"]
[WhiteElo "1105"]
[BlackElo "1123"]
[PlyCount "116"]
[GameId "2160767911732985"]
[EventDate "2000.03.03"]
[EventType "tourn"]
[EventRounds "5"]
[EventCountry "CAN"]

1. e4 e5 2. Nf3 Nc6 3. Bc4 Nf6 4. Ng5 d5 5. exd5 Na5 6. Bb5+ c6 7. dxc6 bxc6 8. Ba4 h6 9. Nf3 Bg4 10. h3 Bh5 11. d3 e4 12. Qe2 Qe7 13. dxe4 Qxe4 14. Qxe4+ Nxe4 15. O-O Bxf3 16. gxf3 Nc5 17. Bb3 Naxb3 18. axb3 Ne6 19. Ra6 c5 20. Re1 Be7 21. Be3 O-O 22. Nc3 Rfe8 23. Nd5 Bg5 24. Bxg5 Nxg5 25. Rxe8+ Rxe8 26. Kg2 Re2 27. Ne3 Ne6 28. Rxa7 Nf4+ 29. Kf1 Rd2 30. h4 Nh3 31. Kg2 Rxf2+ 32. Kxh3 Rxf3+ 33. Kg2 Rxe3 34. Kf2 Rh3 35. Rc7 Rxh4 36. Rxc5 Rg4 37. c4 Rd4 38. Ke3 Rd1 39. Rc8+ Kh7 40. c5 g5 41. Ke2 Rd5 42. c6 Rc5 43. b4 Rc4 44. c7 g4 45. Kd3 Rc1 46. Ke3 h5 47. Kf4 f5 48. Kg3 Rg1+ 49. Kh4 Rc1 50. Kxh5 g3 51. Ra8 g2 52. Ra7 Rh1+ 53. Kg5 g1=Q+ 54. Kxf5 Rh5+ 55. Kf6 Qg7+ 56. Ke6 Re5+ 57. Kd6 Qe7+ 58. Kc6 Qe6+ 0-1

[Event "Quebec-ch U12"]
[Site "Montreal CAN"]
[Date "2000.03.04"]
[Round "3"]
[White "Ramaswamy, Kishor"]
[Black "Ouellet-Leveille, Clement"]
[Result "1/2-1/2"]
[WhiteElo "1569"]
[BlackElo "1567"]
[PlyCount "32"]
[GameId "2160767911732986"]
[EventDate "2000.03.03"]
[EventType "tourn"]
[EventRounds "5"]
[EventCountry "CAN"]

1. d4 Nf6 2. c4 e6 3. Nc3 Bb4 4. a3 Bxc3+ 5. bxc3 c5 6. e3 O-O 7. Bd3 Nc6 8. Ne2 d5 9. O-O b6 10. f3 Na5 11. cxd5 exd5 12. e4 Bb7 13. Bg5 h6 14. Bxf6 Qxf6 15. e5 Qe7 16. f4 f5 1/2-1/2

[Event "Quebec-ch U12"]
[Site "Montreal CAN"]
[Date "2000.03.04"]
[Round "4"]
[White "Parra, Victor"]
[Black "Rodriguez, Aaron"]
[Result "0-1"]
[WhiteElo "1123"]
[BlackElo "1194"]
[PlyCount "82"]
[GameId "2160767911732989"]
[EventDate "2000.03.03"]
[EventType "tourn"]
[EventRounds "5"]
[EventCountry "CAN"]

1. c4 g6 2. d4 Bg7 3. Nc3 Nf6 4. g3 O-O 5. Bg2 d6 6. e4 Nc6 7. Nge2 e5 8. d5 Ne7 9. O-O a6 10. a4 Nd7 11. Be3 f5 12. f4 Bh6 13. b4 Nf6 14. h3 fxe4 15. Nxe4 Nxe4 16. Bxe4 Bxh3 17. Rf2 Bg7 18. Rh2 Bg4 19. Rc1 Rf7 20. Qd2 Qf8 21. Rf1 Nf5 22. Bxf5 Rxf5 23. Rff2 Re8 24. Rh4 h5 25. Nc1 Kh7 26. c5 e4 27. Nb3 Qf7 28. cxd6 cxd6 29. Na5 Rxd5 30. Qe1 Rd1 31. Qxd1 Bxd1 32. Rd2 Bxa4 33. Rxd6 Re6 34. Nxb7 Rxd6 35. Nxd6 Qe7 36. Nc8 Qxb4 37. g4 Qe1+ 38. Kg2 Qxh4 39. gxh5 Qg4+ 40. Kf2 Qf3+ 41. Ke1 Qxe3+ 0-1

[Event "Quebec-ch U12"]
[Site "Montreal CAN"]
[Date "2000.03.04"]
[Round "4"]
[White "Ramaswamy, Kishor"]
[Black "Lawson, Jonathan"]
[Result "1-0"]
[WhiteElo "1569"]
[BlackElo "1105"]
[PlyCount "65"]
[GameId "2160767911732990"]
[EventDate "2000.03.03"]
[EventType "tourn"]
[EventRounds "5"]
[EventCountry "CAN"]

1. d4 d5 2. c4 e6 3. Nc3 Bb4 4. Nf3 Bxc3+ 5. bxc3 Nf6 6. Bg5 h6 7. Bh4 Nbd7 8. e3 b6 9. Be2 O-O 10. O-O Bb7 11. Re1 Qe8 12. Bd3 dxc4 13. Bxc4 Bd5 14. Bb5 c6 15. Bd3 Qc8 16. e4 e5 17. exd5 cxd5 18. dxe5 Nh7 19. Qc2 g6 20. e6 Nc5 21. Be7 Nxd3 22. Qxd3 Re8 23. exf7+ Kxf7 24. Qxd5+ Kg7 25. Bd6 Qxc3 26. Be5+ Rxe5 27. Qxe5+ Qxe5 28. Rxe5 Kf6 29. Rae1 Nf8 30. Re8 Rxe8 31. Rxe8 Kf7 32. Rb8 Nd7 33. Rb7 1-0

[Event "Quebec-ch U12"]
[Site "Montreal CAN"]
[Date "2000.03.05"]
[Round "5"]
[White "Parra, Victor"]
[Black "Ouellet-Leveille, Clement"]
[Result "0-1"]
[WhiteElo "1123"]
[BlackElo "1557"]
[PlyCount "102"]
[GameId "2160767911732991"]
[EventDate "2000.03.03"]
[EventType "tourn"]
[EventRounds "5"]
[EventCountry "CAN"]

1. c4 Nf6 2. Nc3 e6 3. g3 d5 4. cxd5 exd5 5. d4 c6 6. Bg2 Bf5 7. Nf3 Bb4 8. Bd2 Nbd7 9. O-O O-O 10. Qb3 Bxc3 11. Bxc3 Qb6 12. Qxb6 axb6 13. Rfe1 Rfe8 14. e3 Ne4 15. Bd2 Ndf6 16. h3 Ra4 17. a3 Nxd2 18. Nxd2 Ne4 19. Nxe4 Bxe4 20. Bxe4 Rxe4 21. Rac1 Kf8 22. Kg2 b5 23. f3 Re8 24. Kf2 Rea8 25. Ke2 b4 26. axb4 Rxb4 27. Rc2 Ke7 28. Rb1 Kd6 29. Kd3 Ra6 30. e4 Rab6 31. e5+ Kd7 32. h4 Ra6 33. Rd2 Raa4 34. Ke3 Rb3+ 35. Rd3 Rab4 36. Rxb3 Rxb3+ 37. Ke2 Ke6 38. g4 c5 39. dxc5 Kxe5 40. Rd1 Rxb2+ 41. Rd2 Rxd2+ 42. Kxd2 Kd4 43. Kc2 Kxc5 44. Kd3 b5 45. Kc3 b4+ 46. Kb3 d4 47. g5 g6 48. f4 d3 49. Kb2 Kc4 50. Kc1 Kc3 51. h5 gxh5 0-1